| Tag |
First Indicator |
Second Indicator |
Subfields |
| LEADER |
00000cam a2200000 a 4500 |
| 001 |
in00000011604 |
| 005 |
20151007051647.0 |
| 008 |
850110s1985 nju b 00110 eng |
| 010 |
|
|
|a 85001768
|
| 020 |
|
|
|a 081081790X
|
| 035 |
|
|
|a (OCoLC)11623624
|
| 035 |
|
|
|9 AAA4144AM
|
| 040 |
|
|
|a DLC
|c DLC
|d m/c
|d TXA
|d UtOrBLW
|
| 049 |
|
|
|a TXAM
|c [A12641398]
|
| 050 |
0 |
0 |
|a Z8857.9
|b .H46 1985
|a PK1725
|
| 082 |
0 |
|
|a 016.891/4414
|2 19
|
| 100 |
1 |
|
|a Henn, Katherine,
|d 1940-
|
| 245 |
1 |
0 |
|a Rabindranath Tagore :
|b a bibliography /
|c by Katherine Henn.
|
| 264 |
|
1 |
|a Metuchen, N.J. :
|b Scarecrow Press ;
|a [Philadelphia] :
|b American Theological Library Association,
|c 1985.
|
| 300 |
|
|
|a xvii, 331 pages ;
|c 23 cm.
|
| 336 |
|
|
|a text
|b txt
|2 rdacontent
|
| 337 |
|
|
|a unmediated
|b n
|2 rdamedia
|
| 338 |
|
|
|a volume
|b nc
|2 rdacarrier
|
| 490 |
1 |
|
|a ATLA bibliography series ;
|v no. 13
|
| 500 |
|
|
|a Includes indexes.
|
| 600 |
1 |
0 |
|a Tagore, Rabindranath,
|d 1861-1941
|x Bibliography.
|
| 830 |
|
0 |
|a ATLA bibliography series ;
|v no. 13.
|
| 999 |
|
|
|a MARS
|
| 999 |
f |
f |
|s ebe9a672-a8c0-36bb-a915-596eacc014a5
|i fc3c1b48-2b0d-3b2b-afb7-5386ee3f1dfd
|t 0
|
| 952 |
f |
f |
|p ric
|a Texas A&M University
|b Rellis Campus
|c Joint Library Facility
|d Remote Storage
|t 0
|e Z8857.9 .H46 1985
|h Library of Congress classification
|i unmediated -- volume
|m A14812641398
|
| 998 |
f |
f |
|a Z8857.9 .H46 1985
|t 0
|l Remote Storage
|